000 01590cam a2200397 a 4500
001 4432916
003 OSt
005 20140310182659.0
008 940525s1994 nyua bf 001 0 eng
010 _a 94019423
020 _a0786881208
040 _aDLC
_cDLC
_dDLC
043 _an-us---
050 0 0 _aHG 4527
_b.B368 1994
082 0 0 _aM 332.6322
_bB38 1994
110 2 _aBeardstown Ladies Investment Club.
245 1 4 _aThe Beardstown Ladies' common-sense investment guide :
_bhow we beat the stock market-and how you can too /
_cthe Beardstown Ladies Investment Club with Leslie Whitaker.
250 _a1st ed.
260 _aNew York :
_bHyperion,
_cc1994.
300 _axix, 232 p. :
_bill. ;
_c24 cm.
500 _a"A Seth Godin production."
504 _aIncludes bibliographical references (p. 214) and index.
521 _aHigh School to College Student
526 _c0L t 1700L
541 _j1
562 _efor circulation. 1 copy available in the collection
650 0 _aInvestments
_zUnited States
_xHandbooks, manuals, etc.
650 0 _aBusinesswomen
_zUnited States
_xHandbooks, manuals, etc.
650 0 _aWomen
_zUnited States
_xFinance, Personal
_xHandbooks, manuals, etc.
650 0 _aInvestment clubs
_zUnited States
_xHandbooks, manuals, etc.
700 1 _aWhitaker, Leslie.
740 0 _aCommon sense investment guide.
906 _a7
_bcbc
_corignew
_d1
_eocip
_f19
_gy-gencatlg
942 _2lcc
_cBK
_kM
999 _c15155
_d15155